Most popular gemstones - Statistics

General Stats
  • This quiz has been taken 88 times
    73 since last reset
  • The average score is 9 of 13
Answer Stats
Answer % Correct
Diamond
98%
Sapphire
98%
Emerald
97%
Ruby
97%
Amethyst
86%
Pearl
83%
Opal
81%
Garnet
69%
Peridot
60%
Aquamarine
55%
Turquoise
50%
Alexandrite
38%
Tanzanite
28%
No matching quizzes found
Score Distribution
Percent of People with Each Score
Percentile by Number Answered
Your Score History
You have not taken this quiz since the last reset